Automobile principles,diagnosis and service (Record no. 344)

MARC details
000 -LEADER
Fixed length control field 00508nam a2200181 4500
003 - CONTROL NUMBER IDENTIFIER
Control field SEACOMEC
005 - DATE AND TIME OF LATEST TRANSACTION
Control field 20231227131810.0
008 - FIXED-LENGTH DATA ELEMENTS--GENERAL INFORMATION
Fixed length control field 231227b |||||||| |||| 00| 0 eng d
020 ## - INTERNATIONAL STANDARD BOOK NUMBER / ISBN
Price $104.00
040 ## - CATALOGING SOURCE
Original cataloging agency SEACOMEC
082 ## - DEWEY DECIMAL CLASSIFICATION NUMBER
Classification number 616.075
Book Number H159
100 ## - MAIN ENTRY--PERSONAL NAME
Personal name Holder man,James D.
245 1# - TITLE STATEMENT
Title Automobile principles,diagnosis and service
Statement of responsibility James D. Holder man,Chase D, Mitchell
260 ## - IMPRINT
Place of publication New Jersey
Name of publisher Prentice Hall
Date of publication 1999
650 ## - SUBJECT ADDED ENTRY--TOPICAL TERM
Topical term Technology,Pathology
700 ## - ADDED ENTRY--PERSONAL NAME
Personal name Mitchell,Chase D.
942 ## - ADDED ENTRY ELEMENTS (KOHA)
Koha item type Books
Holdings
Withdrawn status Lost status Source of classification Damaged status Not for loan Home library Current library Date acquired Total Checkouts Call number Accession number Date last seen Copy number Price effective from Koha item type
    Dewey Decimal Classification     SEACOM ENGINEERING COLLEGE SEACOM ENGINEERING COLLEGE 02/06/2006   616.075 H159 00822 27/12/2023 1 27/12/2023 Books
© Seacom Engineering College, All rights reserved.      Powered by Koha